| 000 | 00602nam a2200205Ia 4500 | ||
|---|---|---|---|
| 003 | IN-BaIIA | ||
| 008 | 211028s9999 xx 000 0 eng d | ||
| 040 | _cIIA Library | ||
| 080 |
_a519.216 _bDOO |
||
| 100 |
_aDoob, J. L. _94121 |
||
| 245 | 0 |
_aStochastic processes _c J. L. Doob |
|
| 260 |
_aNew York _bJohn Wiley & Sons _c1953 |
||
| 300 | _avii, 654p. | ||
| 490 | _aWiley Publishing in Statistics | ||
| 650 | _aNASA Thesaurus | ||
| 650 | _aStatistics | ||
| 650 |
_aStatistics analysis _94122 |
||
| 650 |
_aStochastic process _94112 |
||
| 942 | _cBK | ||
| 999 |
_c2301 _d2301 |
||